000 00714cam a22002531 4500
001 sa 68014174
003 DLC
005 20260227112629.0
008 870625s1968 ii c d 000 0 telx
010 _asa 68014174
020 _c2.50
025 _aPL480: I-Te-1881
035 _a(OCoLC)17607634
040 _aDLC
_cNN
_dDLC
042 _apremarc
050 0 0 _aPL4780.1
_b.R28
100 1 _aRamalakshmi, K.,
_d1930-
245 1 0 _aĀndhra racayitrula samācāra sūcika.
_cKūrpu: Ke. Rāmalakṣmi.
260 _aHaidarābādu,
_bĀndhrapradēś Sāhityaakāḍami,
_c1968.
300 _a1 v. (unpaged)
_bports.
_c18 cm.
500 _aIn Telugu.
650 0 _aWomen authors.
650 0 _aAuthors, Telugu.
999 _c85592
_d85592